000
00300nam a22001337a 4500
008
170828b xxu||||| |||| 00| 0 eng d
020
_a
9780072938227
041
_a
eng
080
_a
070
100
_a
39
101
_a
MAT
245
_a
A RHETORIC OF ARGUMENT
_c
FAHNESTOCK.J
942
_2
udc
_c
BK
999
_c
25205
_d
25205